<?xml version="1.0" encoding="UTF-8"?>
<record
    xmlns:xsi="http://www.w3.org/2001/XMLSchema-instance"
    xsi:schemaLocation="http://www.loc.gov/MARC21/slim http://www.loc.gov/standards/marcxml/schema/MARC21slim.xsd"
    xmlns="http://www.loc.gov/MARC21/slim">

  <leader>01068nam a2200301 a 4500</leader>
  <controlfield tag="005">20240327124106.0</controlfield>
  <controlfield tag="008">100708e1997||||sp     f |||| 00| 0 spa d</controlfield>
  <datafield tag="020" ind1=" " ind2=" ">
    <subfield code="a">8420764035</subfield>
  </datafield>
  <datafield tag="041" ind1=" " ind2=" ">
    <subfield code="a">spa</subfield>
  </datafield>
  <datafield tag="092" ind1=" " ind2=" ">
    <subfield code="c">170</subfield>
    <subfield code="l">13</subfield>
    <subfield code="s">COR</subfield>
  </datafield>
  <datafield tag="100" ind1="1" ind2=" ">
    <subfield code="a">Cortina, Adela</subfield>
    <subfield code="9">1042</subfield>
  </datafield>
  <datafield tag="245" ind1=" " ind2=" ">
    <subfield code="a">Hacer reforma.</subfield>
    <subfield code="b">La &#xE9;tica de la sociedad civil /</subfield>
    <subfield code="c">Adela Cortina</subfield>
  </datafield>
  <datafield tag="250" ind1=" " ind2=" ">
    <subfield code="a">3a ed. </subfield>
  </datafield>
  <datafield tag="260" ind1=" " ind2=" ">
    <subfield code="a">Madrid: </subfield>
    <subfield code="b">Grupo Anaya;</subfield>
    <subfield code="c">1997.</subfield>
  </datafield>
  <datafield tag="300" ind1=" " ind2=" ">
    <subfield code="a">150  p.</subfield>
  </datafield>
  <datafield tag="500" ind1=" " ind2=" ">
    <subfield code="a">Cortina, A. (1997). Hacer reforma. La &#xE9;tica de la sociedad civil. (3a ed.). Madrid : Grupo Anaya.</subfield>
  </datafield>
  <datafield tag="590" ind1=" " ind2=" ">
    <subfield code="a">Donaci&#xF3;n Dora Vera, febrero 2017.</subfield>
  </datafield>
  <datafield tag="653" ind1=" " ind2="1">
    <subfield code="a">&#xBF;Vale la pena educar moralmente?</subfield>
  </datafield>
  <datafield tag="653" ind1=" " ind2=" ">
    <subfield code="a">Del vasallaje a la ciudadan&#xED;a moral</subfield>
  </datafield>
  <datafield tag="653" ind1=" " ind2="3">
    <subfield code="a">La f&#xF3;rmula m&#xE1;gica del pluralismo moral</subfield>
  </datafield>
  <datafield tag="653" ind1=" " ind2="3">
    <subfield code="a">La moral civ&#xED;ca la har&#xE1;n las personas, o no se har&#xE1;</subfield>
  </datafield>
  <datafield tag="653" ind1=" " ind2=" ">
    <subfield code="a">Tomarse en serio la construcci&#xF3;n de un mundo humano</subfield>
  </datafield>
  <datafield tag="653" ind1=" " ind2=" ">
    <subfield code="a">Voluntad del entendimiento</subfield>
  </datafield>
  <datafield tag="653" ind1=" " ind2=" ">
    <subfield code="a">Educar en una moral c&#xED;vica </subfield>
  </datafield>
  <datafield tag="653" ind1=" " ind2=" ">
    <subfield code="a">Moral c&#xED;vica y moral creyente</subfield>
  </datafield>
  <datafield tag="930" ind1=" " ind2=" ">
    <subfield code="a">3789</subfield>
  </datafield>
  <datafield tag="942" ind1=" " ind2=" ">
    <subfield code="2">ddc</subfield>
    <subfield code="c">BK</subfield>
  </datafield>
  <datafield tag="999" ind1=" " ind2=" ">
    <subfield code="c">2335</subfield>
    <subfield code="d">2335</subfield>
  </datafield>
  <datafield tag="952" ind1=" " ind2=" ">
    <subfield code="0">0</subfield>
    <subfield code="1">0</subfield>
    <subfield code="2">ddc</subfield>
    <subfield code="4">0</subfield>
    <subfield code="7">0</subfield>
    <subfield code="a">BFM</subfield>
    <subfield code="b">BFM</subfield>
    <subfield code="c">CR</subfield>
    <subfield code="d">2017-02-23</subfield>
    <subfield code="e">Donaci&#xF3;n Dora Vera, febrero 2017.</subfield>
    <subfield code="l">0</subfield>
    <subfield code="o">170 13 COR</subfield>
    <subfield code="p">3789</subfield>
    <subfield code="r">2017-02-23</subfield>
    <subfield code="t">Ej. 1</subfield>
    <subfield code="w">2017-02-23</subfield>
    <subfield code="y">BK</subfield>
    <subfield code="z">Donaci&#xF3;n Dora Vera, febrero 2017.</subfield>
  </datafield>
</record>
